000 00261nam a2200121 i 4500
001 bg
245 0 _aNaród, kultura, osobowość.
260 _aWrocław,
_c1983.
040 _cBPK
041 _apol
942 _cKS
008 s pl f |000 0 pol
999 _c22471
_d22471
856 _uhttp://koha.tu.koszalin.pl/cgi-bin/koha/opac-detail.pl?biblionumber=22471
_yKatalog online BPK